000 00329nam a22001337a 4500
008 181016b xxu||||| |||| 00| 0 eng d
020 _a 9781435 480377
041 _aeng
080 _26th
_a615
100 _a5
101 _aFAR
245 _aEssentials of Pharmacology for Health Occupations
_cWoodrow,R
942 _2udc
_cBK
999 _c49925
_d49925